000 00311nam a22001457a 4500
003 SGT
020 _a9789388022415
082 _a614.1
_bANA
100 _aANAND Dr, KUMAR
245 _aTEXT BOOK ON FORENSIC DENTISTRY
260 _aINDIA
_bIP PUB
_c2022
300 _a91
650 _aSCIENCE
942 _2ddc
_cBK
999 _c33267
_d33267